UEFA Champions League Team of the Season 2023/2024 - Statistiken

Allgemein
  • Dieses Quiz wurde 77 mal gespielt
  • Das Durchschnittsergebnis liegt bei 9 aus 11
Antwortstatistiken
Team Position Player % Korrekt
Borussia Dortmund GK Gregor Kobel
99%
Bayern München ST Harry Kane
93%
Real Madrid LF Vinícius Júnior
90%
Real Madrid CB Antonio Rüdiger
88%
Real Madrid RB Dani Carvajal
85%
Real Madrid CAM Jude Bellingham
81%
Manchester City RF Phil Foden
81%
Borussia Dortmund CB Mats Hummels
79%
Borussia Dortmund CM Marcel Sabitzer
57%
Paris Saint-Germain CM Vitinha
57%
Borussia Dortmund LB Ian Maatsen
49%
Keine übereinstimmenden Quizze gefunden
Verteilung der Resultate
Anzahl Personen mit jedem Resultat
Perzentil nach korrekt beantworteten Fragen
Ihre Resultats-Entwicklung
Sie haben dieses Quiz noch nicht gespielt